| 000 | 00973nam a22002057a 4500 | ||
|---|---|---|---|
| 999 |
_c59101 _d59101 |
||
| 003 | Ge_BSU | ||
| 005 | 20221125111408.0 | ||
| 008 | 221125s1984ge xxu||||| |||| 00| 0 geo d | ||
| 041 | _ageo | ||
| 080 | _a821.112.2-31 მ-27 | ||
| 100 |
_aმანი, თომას, 1875-1955, ავტორი. _916084 |
||
| 245 |
_aჯადოსნური მთა : _bრომანი [თავ. 6-7] / _cთომას მანი ; გერმ. თარგმ. დ. ფანჯიკიძემ. |
||
| 264 |
_aთბილისი : _bსაბჭოთა საქართველო, _c1984. |
||
| 300 |
_a575 გვ. ; _b20 სმ. |
||
| 440 |
_aმსოფლიო ლიტერატურის ბიბლიოთეკა ; ტ. 73. სერ. 1 _916085 |
||
| 653 | _aჯადოსნური მთა | ||
| 653 | _aრომანი | ||
| 700 |
_aფანჯიკიძე, დ _eმთარგმნელი _916086 |
||
| 942 |
_2udc _cBK |
||